[Event "TCh-FIN 2016-17"]
[Site "Finland FIN"]
[Date "2017.03.12"]
[Round "11.6"]
[White "Issakainen,A"]
[Black "Hamalainen,S"]
[Result "1-0"]
[WhiteElo "2199"]
[BlackElo "2215"]

1.d4 Nf6 2.c4 g6 3.Nc3 d5 4.h4 c6 5.h5 Nxh5 6.e4 Nf6 7.e5 Ng8 8.Bg5 Qa5 9.Nf3
Bg7 10.Bd2 Qd8 11.cxd5 cxd5 12.Qb3 Nc6 13.Nxd5 e6 14.Ne3 Nge7 15.Bb5 O-O
16.Rd1 a6 17.Bxc6 Nxc6 18.Bc3 Ne7 19.Ng5 h6 20.Ne4 Nd5 21.Bd2 f5 22.Nxd5 Qxd5
23.Qxd5 exd5 24.Nc3 Be6 25.Bxh6 Bxh6 26.Rxh6 Kg7 27.Rh1 b5 28.f4 Rac8 29.a3
Rc4 30.Rd3 Rfc8 31.Rdh3 Rxd4 32.Rh7+ Kf8 33.R1h6 Bg8 34.Rd7 Rc6 35.Rh8 Rc8
36.e6 Rxc3 37.Rf7+ {#r} 1-0

[Event "TCh-FIN 2016-17"]
[Site "Finland FIN"]
[Date "2017.03.12"]
[Round "11.2"]
[White "Sepp,O"]
[Black "Wallin,A"]
[Result "1-0"]
[WhiteElo "2434"]
[BlackElo "2239"]

1.Nf3 Nf6 2.g3 d5 3.Bg2 c6 4.O-O Bg4 5.d3 Nbd7 6.h3 Bh5 7.Qe1 e5 8.e4 dxe4
9.dxe4 a5 10.a4 Qc7 11.Bd2 Bc5 12.Na3 O-O 13.Nc4 b6 14.Nh4 Rfe8 15.Kh1 Re6
16.Nf5 Bf8 17.h4 Nc5 18.f3 h6 19.Bh3 Ree8 20.Bc3 Rad8 21.Qf2 Kh8 22.g4 Bg6
23.g5 Nh5 24.Qh2 f6 25.Rg1 Nf4 26.gxf6 gxf6 27.Nxe5 fxe5 28.Qxf4 Kh7 29.Qg3
Qf7 30.Rg2 Nd7 31.Rag1 Bh5 32.Ng7 Nf6 33.Bf5+ Kh8 34.Nxh5 Nxh5 35.Qg8+ {#r}
1-0

[Event "TCh-FIN 2016-17"]
[Site "Finland FIN"]
[Date "2017.03.12"]
[Round "11.3"]
[White "Huovinen,Jere"]
[Black "Ronka,E"]
[Result "0-1"]
[WhiteElo "2276"]
[BlackElo "2231"]

1.d4 d6 2.g3 e5 3.dxe5 dxe5 4.Qxd8+ Kxd8 5.Nc3 c6 6.f4 Bd6 7.Ne4 Bc7 8.fxe5
Bxe5 9.Nf3 Bc7 10.Bd2 Na6 11.O-O-O Ke7 12.Bc3 f6 13.g4 Be6 14.Nd4 Bd5 15.Nf5+
Kf8 16.Bg2 Re8 17.Ned6 Bxg2 18.Nxe8 Kxe8 19.Nxg7+ Kf8 20.Ne6+ Ke7 21.Nxc7 Nxc7
22.Rhg1 Be4 23.Rd4 Bd5 24.e4 Be6 25.Rd2 h6 26.e5 Nd5 27.Bd4 fxe5 28.Bxe5 Ngf6
29.c4 Ne3 30.Bxf6+ Kxf6 31.Re2 Nxg4 32.Rf1+ Bf5 33.h3 Ne5 34.Kd2 Rd8+ 35.Kc3
Rd3+ 36.Kb4 Rxh3 37.Kc5 h5 38.b3 h4 39.Kd6 Rd3+ 40.Kc7 Rd7+ 41.Kb8 Ng4 42.Re8
Nh6 43.Rh8 Kg7 44.Rxh6 Kxh6 45.Rxf5 a6 46.b4 Kg6 47.Rf1 b5 48.c5 Rh7 49.a4
bxa4 50.Ra1 h3 51.Rxa4 h2 52.Ra1 h1=Q 53.Rxh1 Rxh1 54.Kb7 Rb1 {#R} 0-1

[Event "TCh-FIN 2016-17"]
[Site "Finland FIN"]
[Date "2017.03.12"]
[Round "11.4"]
[White "Kokkila,T"]
[Black "Kilpi,T"]
[Result "1-0"]
[WhiteElo "2323"]
[BlackElo "2116"]

1.e4 e6 2.d4 d5 3.Nc3 Nf6 4.Bg5 Bb4 5.e5 h6 6.Bh4 g5 7.Bg3 Ne4 8.Ne2 f5 9.exf6
Qxf6 10.a3 Nxg3 11.hxg3 Ba5 12.Qd3 Nc6 13.Qe3 Bxc3+ 14.Qxc3 e5 15.dxe5 Qxe5
16.O-O-O Qxc3 17.Nxc3 Be6 18.Nxd5 O-O-O 19.Bc4 Kb8 20.Ne3 Rxd1+ 21.Kxd1 Bxc4
22.Nxc4 Kc8 23.g4 Kd7 24.Ne3 Ne7 25.Ke2 Ke6 26.g3 Rh7 27.f4 Kf6 28.Kf3 Kg6
29.Ke4 Rf7 30.b4 Rf6 31.f5+ Kf7 32.Rd1 Ke8 33.c4 Ra6 34.Rd3 Ng8 35.Nd5 Nf6+
36.Nxf6+ Rxf6 37.Ke5 Rc6 38.c5 a5 39.f6 axb4 40.axb4 b6 41.Kf5 bxc5 42.bxc5
Kf7 43.Rd7+ Ke8 44.Re7+ Kf8 45.Ke4 {#r} 1-0

[Event "TCh-FIN 2016-17"]
[Site "Finland FIN"]
[Date "2017.03.12"]
[Round "11.6"]
[White "Anttila,P"]
[Black "Sassi,P"]
[Result "1-0"]
[WhiteElo "2178"]
[BlackElo "2005"]

1.e4 d5 2.exd5 Qxd5 3.Nc3 Qd8 4.d4 Nf6 5.Nf3 Bg4 6.Bc4 e6 7.h3 Bxf3 8.Qxf3 c6
9.Be3 Nbd7 10.O-O-O Bb4 11.Bg5 Bxc3 12.bxc3 Qa5 13.Bf4 Nd5 14.Rd3 N7b6 15.Bb3
Nxf4 16.Qxf4 O-O 17.Rg3 Qa3+ 18.Kb1 Rfd8 19.Qg5 Qf8 20.Re1 a5 21.a4 Nd5 22.Re4
Ne7 23.Rf3 Qe8 24.Rxf7 {#r} 1-0

[Event "TCh-FIN 2016-17"]
[Site "Finland FIN"]
[Date "2017.03.12"]
[Round "11.7"]
[White "Peuraniemi,Pertti"]
[Black "Tommiska,M"]
[Result "0-1"]
[WhiteElo "2005"]
[BlackElo "2173"]

1.e4 e5 2.Nf3 Nc6 3.d4 exd4 4.Nxd4 Nf6 5.Nc3 Bb4 6.Nxc6 bxc6 7.Bd3 d5 8.exd5
cxd5 9.O-O O-O 10.Bg5 c6 11.h3 Be6 12.Qf3 Be7 13.Rfe1 Rb8 14.b3 h6 15.Bd2 Re8
16.Rad1 Bd6 17.Bf4 Bxf4 18.Qxf4 Qa5 19.Qd2 Qb4 20.a4 Qh4 21.Ne2 c5 22.Bb5 Red8
23.Qf4 Qg5 24.Qxg5 hxg5 25.Ng3 Rb6 26.Re5 a6 27.Be2 Nd7 28.Rxg5 f6 29.Rgxd5
Bxd5 30.Rxd5 g6 31.Ne4 Rc6 32.Bc4 Kf8 33.Rd3 Ke7 34.Nc3 Ne5 35.Re3 Kf8 36.Be2
g5 37.Ne4 Rb8 38.Rc3 c4 39.bxc4 Rb1+ 40.Kh2 Rb4 41.Rb3 Rxa4 42.Rb8+ Ke7 43.c5
Rxe4 {#R} 0-1

[Event "TCh-FIN 2016-17"]
[Site "Finland FIN"]
[Date "2017.03.12"]
[Round "11.1"]
[White "Syvalahti,Timo"]
[Black "Moiseenko,Va"]
[Result "0-1"]
[WhiteElo "2121"]
[BlackElo "2527"]

1.d4 Nf6 2.c4 e6 3.g3 c5 4.Nf3 cxd4 5.Nxd4 d5 6.Bg2 e5 7.Nb3 d4 8.O-O Nc6 9.f4
e4 10.f5 a5 11.e3 d3 12.Nc3 Be7 13.Nxe4 O-O 14.Nbc5 Ne5 15.b3 Re8 16.Bb2 Nfg4
17.Bd4 Nc6 18.Qxd3 Bf8 19.Rad1 Qc7 20.Na4 Nb4 21.Qe2 Nh6 22.Nb6 Bxf5 23.Nxa8
Rxa8 24.Nc3 Bg4 25.Bf3 Bh3 26.Rf2 Re8 27.a3 Nc6 28.Nd5 Qb8 29.Nf4 Bf5 30.Qb2
Ng4 31.Bxg4 Bxg4 32.Rdf1 b5 33.h3 Bc8 34.Nh5 Nxd4 35.Qxd4 Re7 36.Qd5 Bb7
37.Qxb5 Qc8 38.Qf5 Qc6 39.Qd5 Qxd5 40.cxd5 Bxd5 41.b4 a4 42.Rd2 Bb7 43.Kf2 Rc7
44.Rfd1 Be4 45.Rd4 f5 46.Rd7 Rc3 47.Ra7 Rc2+ 48.Ke1 Bf3 49.Nf4 Bxd1 50.Kxd1
Rc3 51.Rxa4 Rxe3 52.Ra8 g5 53.Ne2 Kf7 54.Kd2 Rf3 55.Ra5 Kg6 56.Ra6+ Kf7 57.Ra5
Bg7 58.b5 Rb3 59.a4 Be5 60.b6 Ke6 61.Ra6 Kd5 62.a5 f4 63.gxf4 gxf4 64.Nc1 Rb2+
65.Ke1 Bc3+ 66.Kd1 f3 67.Nd3 Rd2+ 68.Ke1 Rxd3+ 69.Kf2 Bd4+ 70.Kf1 {#R} 0-1

[Event "TCh-FIN 2016-17"]
[Site "Finland FIN"]
[Date "2017.03.12"]
[Round "11.2"]
[White "Ebeling,D"]
[Black "Hellen,Bo"]
[Result "1-0"]
[WhiteElo "2468"]
[BlackElo "2044"]

1.e4 c5 2.Nf3 Nc6 3.d4 cxd4 4.Nxd4 g6 5.c4 Bg7 6.Be3 d6 7.Nc3 Nf6 8.Be2 O-O
9.O-O Bd7 10.h3 Re8 11.Re1 Nxd4 12.Bxd4 Bc6 13.Qd3 Qa5 14.a3 Nh5 15.Bxh5 Qxh5
16.b4 b6 17.a4 Rab8 18.a5 f5 19.Bxg7 Kxg7 20.axb6 axb6 21.Ra7 Kf8 22.Rc7 Rbc8
23.Rxc8 Rxc8 24.Qd4 Kf7 25.Qxb6 Qg5 26.Qd4 f4 27.Nd5 f3 28.g3 Qh6 29.Re3 Qh5
30.e5 Bd7 31.e6+ Bxe6 32.Rxe6 Re8 33.Rxe7+ Rxe7 34.Qf6+ {#r} 1-0

[Event "TCh-FIN 2016-17"]
[Site "Finland FIN"]
[Date "2017.03.12"]
[Round "11.4"]
[White "Keinanen,Toivo"]
[Black "Titovets,Sergei"]
[Result "1-0"]
[WhiteElo "2329"]
[BlackElo "2042"]

1.c4 Nc6 2.g3 e5 3.Nc3 Nf6 4.Bg2 h6 5.Nf3 Bb4 6.Nd5 Bc5 7.O-O d6 8.e3 Bg4 9.h3
Bh5 10.g4 Bg6 11.d4 Bb6 12.b4 exd4 13.Nxd4 Bxd4 14.exd4 O-O 15.b5 Na5 16.Qa4
b6 17.Bd2 a6 18.Rfe1 Nxd5 19.Bxd5 axb5 20.cxb5 Ra7 21.Re3 Qf6 22.Rf3 Qh4
23.Qb4 Nb7 24.Re1 Qd8 25.Rfe3 Na5 26.f4 Kh8 27.f5 Bh7 28.Qb2 f6 29.Bxa5 Rxa5
30.Bc6 Bg8 31.Re8 Rxa2 32.Rxd8 {#r} 1-0

[Event "TCh-FIN 2016-17"]
[Site "Finland FIN"]
[Date "2017.03.12"]
[Round "11.5"]
[White "Wikman,Jimmy"]
[Black "Kekki,P"]
[Result "1-0"]
[WhiteElo "2036"]
[BlackElo "2346"]

1.e4 e6 2.d4 d5 3.Bd3 g6 4.c3 Bg7 5.Ne2 Ne7 6.h4 dxe4 7.Bxe4 f5 8.Bf3 Nbc6
9.Qb3 e5 10.Bxc6+ Nxc6 11.d5 Ne7 12.c4 f4 13.Nbc3 Nf5 14.h5 Nh4 15.Nb5 O-O
16.c5 Nxg2+ 17.Kf1 f3 18.d6+ Rf7 19.Ng3 b6 20.hxg6 hxg6 21.Nxc7 bxc5 22.Ne4
Kf8 23.Ng5 Rxc7 24.dxc7 Ba6+ 25.Kg1 Qe8 26.Ne6+ Ke7 27.Bg5+ Bf6 28.Rh7+ Kd6
29.Rd1+ Kc6 30.Qd5+ Kb6 31.Qxc5+ Kb7 32.c8=Q# 1-0

[Event "TCh-FIN 2016-17"]
[Site "Finland FIN"]
[Date "2017.03.12"]
[Round "11.1"]
[White "Shirov,A"]
[Black "Kulaots,K"]
[Result "1-0"]
[WhiteElo "2673"]
[BlackElo "2570"]

1.d4 Nf6 2.c4 g6 3.Nc3 d5 4.cxd5 Nxd5 5.Bd2 Bg7 6.e4 Nxc3 7.Bxc3 O-O 8.Qd2 Nc6
9.Nf3 Bg4 10.d5 Bxf3 11.Bxg7 Kxg7 12.gxf3 Ne5 13.O-O-O f6 14.f4 Nf7 15.Bh3 c6
16.Rhe1 cxd5 17.exd5 a5 18.Qe3 Re8 19.Be6 Ra6 20.h4 Nd6 21.h5 Rb6 22.Re2 Rb4
23.hxg6 Re4 24.gxh7 Rxe3 25.Rg1+ Kh8 26.fxe3 Nf5 27.Rg8+ Kxh7 28.Rh2+ Nh6
29.Rg1 {#r} 1-0

[Event "TCh-FIN 2016-17"]
[Site "Finland FIN"]
[Date "2017.03.12"]
[Round "11.2"]
[White "Pihlajasalo,A"]
[Black "Neiksans,A"]
[Result "0-1"]
[WhiteElo "2443"]
[BlackElo "2628"]

1.Nf3 Nf6 2.g3 d5 3.Bg2 c6 4.O-O Bg4 5.c4 e6 6.cxd5 exd5 7.h3 Bxf3 8.Bxf3 Nbd7
9.d3 Bc5 10.Nc3 O-O 11.Bf4 Re8 12.Qb3 Qb6 13.Qc2 Bd4 14.Na4 Qd8 15.e3 Be5
16.Bxe5 Rxe5 17.d4 Re7 18.Rab1 Ne4 19.Bxe4 dxe4 20.b4 Nf6 21.Kg2 Qd7 22.Qe2 h5
23.b5 Rc8 24.Rfc1 b6 25.bxc6 Rxc6 26.Qb5 Ree6 27.Nc3 Qc8 28.Ne2 Red6 29.Qe5
Re6 30.Qg5 Rc2 31.Qb5 Rec6 32.Rxc2 Rxc2 33.Rb2 Qc4 34.Qxc4 Rxc4 35.Kf1 Kf8
36.Ke1 Ke7 37.Kd2 Nd5 38.a3 Kd6 39.Rb3 g5 40.Nc3 Nxc3 41.Rxc3 Ra4 42.Ke2 Ra5
43.f3 Kd5 44.Rb3 f5 45.g4 fxg4 46.hxg4 hxg4 47.fxe4+ Kxe4 48.Kf2 Rf5+ 49.Kg3
Rf1 50.Rc3 Kf5 51.Rc7 Rf3+ 52.Kg2 Rxe3 53.Rxa7 Ke4 54.a4 Kxd4 55.a5 b5 56.a6
Ra3 57.Rb7 Kc5 58.a7 Kc6 {#R} 0-1

[Event "TCh-FIN 2016-17"]
[Site "Finland FIN"]
[Date "2017.03.12"]
[Round "11.3"]
[White "Karttunen,M"]
[Black "Kiik,K"]
[Result "0-1"]
[WhiteElo "2458"]
[BlackElo "2396"]

1.e4 c5 2.Nf3 e6 3.d4 cxd4 4.Nxd4 a6 5.c4 Nf6 6.Nc3 Bb4 7.Qd3 d5 8.exd5 exd5
9.Bg5 O-O 10.cxd5 Nbd7 11.Be2 h6 12.Bd2 Ne5 13.Qg3 Ng6 14.Nc2 Bd6 15.Qd3 Re8
16.Ne3 Nf4 17.Qc2 b5 18.a3 Bb7 19.Bf3 N6xd5 20.Nxd5 Nxd5 21.Qb3 Nxe3 22.Bxe3
Bxf3 23.gxf3 Bc5 24.Ke2 Qf6 25.Rad1 Rac8 26.Rc1 Re5 27.Rhg1 Rce8 28.Rc3 Bd4
29.Rd3 Rf5 30.Rg4 Bxe3 31.Rxe3 Rxe3+ 32.Qxe3 Qxb2+ 33.Kf1 Qf6 34.Rd4 Rxf3
35.Qe8+ Kh7 36.Rd8 Rxf2+ 37.Ke1 Rf1+ 38.Kd2 Qb2+ {#R} 0-1

[Event "TCh-FIN 2016-17"]
[Site "Finland FIN"]
[Date "2017.03.12"]
[Round "11.4"]
[White "Niemi,K"]
[Black "Ahvenjarvi,Jani"]
[Result "0-1"]
[WhiteElo "2338"]
[BlackElo "2342"]

1.d4 e6 2.e4 d5 3.Nc3 Nf6 4.e5 Nfd7 5.f4 c5 6.Nf3 Nc6 7.Be3 Be7 8.Qd2 O-O
9.Be2 b6 10.O-O Bb7 11.Rae1 f6 12.exf6 Nxf6 13.Kh1 Ne4 14.Qd1 Nxc3 15.bxc3 Qd7
16.c4 cxd4 17.Nxd4 Bb4 18.Nxc6 Qxc6 19.Bd2 Bxd2 20.Qxd2 dxc4 21.Bf3 Qc7
22.Bxb7 Qxb7 23.Rxe6 Rad8 24.Qe3 Qd5 25.Re7 Rf7 26.h3 h6 27.Rxf7 Qxf7 28.f5
Qf6 29.Rf4 c3 30.Rf1 Rd2 31.Qe4 Kh7 32.a4 Rd4 33.Qe8 Rd2 34.Qe4 Rd4 35.Qe8 Rd8
36.Qe4 Rd2 37.Rf4 Rd1+ 38.Kh2 Rd2 39.h4 Rd8 40.Kh3 Kh8 41.g4 Rd6 42.Rf3 Rd4
43.Qe3 Qc6 44.Qxc3 Qe4 45.Kg2 Qxg4+ 46.Rg3 Qe2+ 47.Kh3 Qf1+ 48.Rg2 Qxf5+
49.Kh2 Rxh4+ 50.Kg1 Qc5+ 51.Qxc5 bxc5 52.Rg6 Rxa4 {#R} 0-1

[Event "TCh-FIN 2016-17"]
[Site "Finland FIN"]
[Date "2017.03.12"]
[Round "11.6"]
[White "Hartikainen,M"]
[Black "Koykka,P"]
[Result "0-1"]
[WhiteElo "2294"]
[BlackElo "2312"]

1.e4 d5 2.exd5 Qxd5 3.Nc3 Qd6 4.d4 Nf6 5.Nf3 c6 6.Bc4 Bg4 7.Be3 e6 8.h3 Bxf3
9.Qxf3 Qb4 10.Bb3 Nbd7 11.O-O Be7 12.Rad1 O-O 13.Rfe1 Rfe8 14.Bf4 Qa5 15.Ne4
Nxe4 16.Rxe4 Qf5 17.Rde1 Bg5 18.Bxg5 Qxg5 19.Rf4 Re7 20.h4 Qa5 21.c3 Rae8
22.Rg4 Qf5 23.Qg3 Qf6 24.Ree4 Kh8 25.Ref4 Qh6 26.Rg5 f6 27.Ra5 a6 28.Kh2 Nf8
29.Rf3 Ng6 30.h5 f5 31.Qh3 Nf4 32.Rxf4 Qxf4+ {#R} 0-1

[Event "TCh-FIN 2016-17"]
[Site "Finland FIN"]
[Date "2017.03.12"]
[Round "11.7"]
[White "Mertanen,J"]
[Black "Jarvenpaa,J"]
[Result "1-0"]
[WhiteElo "2298"]
[BlackElo "2268"]

1.d4 d5 2.c4 dxc4 3.e4 e5 4.Nf3 Bb4+ 5.Bd2 Bxd2+ 6.Qxd2 exd4 7.Qxd4 Nf6 8.Nc3
Be6 9.Qxd8+ Kxd8 10.Ng5 Nc6 11.O-O-O+ Ke7 12.Nxe6 fxe6 13.Bxc4 Ne5 14.Be2 g5
15.f3 Rhf8 16.Rhf1 Ng6 17.g3 Nd7 18.Kd2 c6 19.Ke3 Rf7 20.Rd4 Nde5 21.Rb4 b5
22.Rd4 Raf8 23.Rdd1 h5 24.a4 Nc4+ 25.Bxc4 bxc4 26.Ne2 Ne5 27.f4 Ng4+ 28.Kd2
Rb8 29.Nd4 Kd7 30.h3 Nf6 31.Nf3 Rg7 32.Nxg5 Ke7 33.Kc2 Rb3 34.Rg1 Rg8 35.Rd4
Rgb8 36.Rb1 Rxg3 37.Rxc4 Rg2+ 38.Kc3 Rg3+ 39.Kd2 Rd8+ 40.Kc2 e5 41.Rxc6 Rg2+
42.Kb3 Rd3+ 43.Ka2 exf4 44.Re6+ Kd7 45.Rxf6 Rxg5 46.Rf1 Rxh3 47.R1xf4 Rg2
48.Rh6 Ke7 49.Rf5 Rhh2 50.Rb5 Kd7 51.a5 Kc7 52.a6 h4 53.Rb7+ {#r} 1-0

[Event "TCh-FIN 2016-17"]
[Site "Finland FIN"]
[Date "2017.03.12"]
[Round "11.8"]
[White "Rantanen,Y"]
[Black "Nieminen,S"]
[Result "1-0"]
[WhiteElo "2286"]
[BlackElo "2148"]

1.e4 c6 2.d4 d5 3.exd5 cxd5 4.c4 Nf6 5.Nc3 e6 6.cxd5 Nxd5 7.Bd3 Nc6 8.Nf3 Bb4
9.O-O Bxc3 10.bxc3 Nxc3 11.Qb3 Nd5 12.Ba3 Nde7 13.Rad1 Qb6 14.Qc3 Qa5 15.Qc1
O-O 16.Ne5 Qd8 17.Rfe1 Re8 18.Bxh7+ Kxh7 19.Nxf7 Qd5 20.Re5 Nxe5 21.dxe5 Qa5
22.Qg5 Qa4 23.Qh5+ Kg8 24.Ng5 {#r} 1-0

[Event "TCh-FIN 2016-17"]
[Site "Finland FIN"]
[Date "2017.03.12"]
[Round "11.1"]
[White "Rakhmanov,Ale"]
[Black "Yrjola,J"]
[Result "1-0"]
[WhiteElo "2654"]
[BlackElo "2336"]

1.Nf3 d6 2.d4 g6 3.e4 Bg7 4.Bc4 Nf6 5.Qe2 O-O 6.O-O Bg4 7.c3 Nc6 8.Bb5 Nd7
9.h3 Bxf3 10.Qxf3 e5 11.dxe5 Ncxe5 12.Qg3 Nc5 13.Nd2 d5 14.Qe3 Ne6 15.f4 d4
16.Qg3 c6 17.Be2 Nd7 18.Nb3 Ndc5 19.Nd2 Qc7 20.Rb1 g5 21.Nb3 gxf4 22.Qh4 d3
23.Bg4 Nxe4 24.Bf5 N4g5 25.Bxf4 Nxf4 26.Rxf4 h6 27.Bxd3 Rae8 28.Qf2 Qb6 29.Nd4
Rd8 30.Bc4 Be5 31.Rh4 Qc5 32.Bb3 Bg7 33.Rf1 Rd6 34.Nf5 Qxf2+ 35.Rxf2 Rf6
36.Ne7+ Kh8 37.Rxf6 Bxf6 38.Rxh6+ Nh7 39.Nf5 Re8 40.Bxf7 Bg5 41.Rh5 Re1+
42.Kf2 {#r} 1-0

[Event "TCh-FIN 2016-17"]
[Site "Finland FIN"]
[Date "2017.03.12"]
[Round "11.2"]
[White "Kivimaki,Ja"]
[Black "Sipila,V"]
[Result "0-1"]
[WhiteElo "2214"]
[BlackElo "2447"]

1.d4 Nf6 2.Nf3 g6 3.Bf4 Bg7 4.e3 O-O 5.Be2 c5 6.c3 b6 7.O-O Bb7 8.h3 Nc6
9.Nbd2 d5 10.Bh2 Nd7 11.Qb3 e5 12.Nxe5 Ndxe5 13.dxe5 Nxe5 14.Nf3 Nc6 15.Rad1
Na5 16.Qa4 Qe7 17.Rfe1 Rfd8 18.Bg3 Qe6 19.Qh4 h6 20.Nd2 d4 21.exd4 Qxa2 22.b4
cxb4 23.cxb4 Rxd4 24.Qe7 Rxd2 25.bxa5 Bd5 26.axb6 axb6 27.Rxd2 Qxd2 28.Rd1 Ra1
29.Rxa1 Bxa1 30.Kh2 Be6 31.Bg4 Bxg4 32.hxg4 Qd5 33.Qe3 b5 34.Qxh6 b4 35.Qc1
Bd4 36.Qc8+ Kg7 37.Qb8 b3 38.Bd6 b2 39.Bf8+ Kh7 40.f4 Qe4 41.Qc7 b1=Q 42.Qxf7+
Kh8 {#R} 0-1

[Event "TCh-FIN 2016-17"]
[Site "Finland FIN"]
[Date "2017.03.12"]
[Round "11.3"]
[White "Holmsten,A"]
[Black "Tuomala,Ti"]
[Result "1-0"]
[WhiteElo "2328"]
[BlackElo "2188"]

1.Nf3 d5 2.g3 Nf6 3.Bg2 Bg4 4.d4 e6 5.c4 c6 6.Nc3 Nbd7 7.O-O Be7 8.Ne5 Nxe5
9.dxe5 Nd7 10.cxd5 cxd5 11.Qa4 Bf5 12.e4 dxe4 13.Rd1 a6 14.Nxe4 b5 15.Qd4 Nxe5
16.Bf4 Qxd4 17.Rxd4 Nc4 18.Nd6+ Bxd6 19.Bxa8 e5 20.Rxd6 Nxd6 21.Bxe5 O-O
22.Bf3 Nc4 23.Bc3 a5 24.a3 a4 25.Rd1 Be6 26.Bc6 h6 27.Bxb5 Nxb2 28.Bxb2 Rb8
29.Bxg7 Rxb5 30.Bxh6 Rb2 31.h4 Ra2 32.Rd8+ Kh7 33.Bf8 Kg6 34.Kg2 Rc2 35.Bb4
Bc8 36.Kf3 Bb7+ 37.Ke3 Rb2 38.Rd6+ Kh5 39.Rd4 Rb3+ 40.Rd3 Rxd3+ 41.Kxd3 Kg4
42.Ke3 f5 43.Bd6 Bc6 44.Bf4 Kh5 45.Kd4 Bf3 46.Ke5 Kg6 47.Bd2 Bg4 48.Bc3 Bh3
49.f3 Bg2 50.Kf4 Bh3 51.g4 fxg4 52.fxg4 Bf1 53.Bd2 Be2 54.Bb4 Bd1 55.Bc3 Be2
56.Bd4 Bd1 57.h5+ Kh7 58.Kg5 Be2 59.Be5 Bd1 60.Ba1 Be2 61.Bb2 Bd1 62.Bc1 Be2
63.Be3 Bd1 64.Bc5 Be2 65.Bd6 Bd1 66.Kh4 Be2 67.Be5 Bd1 68.g5 Bc2 69.Ba1 Bd3
70.Bb2 Bc2 71.Bc3 Bd3 72.Bd4 Bc2 73.Be3 Bd3 74.Bd2 Bc2 75.Bc3 Bd3 76.Bb4 Bc2
77.Ba5 Bd3 78.Bb6 Bc2 79.Bc5 Bd3 80.Bd6 Bc2 81.Bh2 Bd3 82.Bg3 Bc2 83.Bf2 Bd3
84.Be1 Bc2 85.Bd2 Bd3 86.Kg3 Bc2 87.Bc1 Bd3 88.Kf3 Bc2 89.Ke2 Kg8 90.Bb2 Kf7
91.Ke3 Bb1 92.Bd4 Bc2 93.Kd2 Bf5 94.Kc3 Be4 95.Kb4 Bc2 96.g6+ Ke6 97.Bc3 Kd5
98.g7 Bh7 99.Kxa4 Ke4 100.Bb4 Bg8 101.Ka5 {#r} 1-0

[Event "TCh-FIN 2016-17"]
[Site "Finland FIN"]
[Date "2017.03.12"]
[Round "11.5"]
[White "Topi Hulmi,T"]
[Black "Lauren,M"]
[Result "1-0"]
[WhiteElo "2207"]
[BlackElo "2201"]

1.e4 c5 2.Nc3 Nc6 3.g3 g6 4.Bg2 Bg7 5.d3 d6 6.Be3 Nf6 7.h3 Rb8 8.Nge2 Bd7
9.O-O Qc8 10.Kh2 h5 11.f3 Bxh3 12.Bxh3 Ng4+ 13.fxg4 hxg4 14.Ng1 Bxc3 15.bxc3
Qe6 16.Qe2 Kd7 17.d4 Rxh3+ 18.Nxh3 Rh8 19.Bf2 Rxh3+ 20.Kg2 d5 21.Rae1 {#r} 1-0

[Event "TCh-FIN 2016-17"]
[Site "Finland FIN"]
[Date "2017.03.12"]
[Round "11.7"]
[White "Linden,L"]
[Black "Salonen,J"]
[Result "1-0"]
[WhiteElo "2146"]
[BlackElo "2225"]

1.d4 g6 2.c4 d6 3.g3 Bg7 4.Nf3 Nd7 5.Bg2 e5 6.Nc3 c6 7.O-O Nh6 8.e4 O-O 9.d5
c5 10.Ng5 Qe7 11.Qd3 Re8 12.Rb1 Nf8 13.b4 f6 14.Nf3 b6 15.bxc5 bxc5 16.Bd2 Nf7
17.Rb3 f5 18.Rfb1 g5 19.Rb8 Rxb8 20.Rxb8 f4 21.Qb1 Nd7 22.Rb3 Bf6 23.Nb5 g4
24.Ne1 f3 25.Bf1 a6 26.Nc7 Rf8 27.Ne6 Re8 28.Nc2 Nf8 29.Nxf8 Rxf8 30.Rb8 Bg5
31.Ba5 Qd7 32.Qb3 Bd8 33.Bxd8 Rxd8 34.Ne3 Ng5 35.Bd3 Qc7 36.Qb6 Qxb6 37.Rxb6
Kf8 38.Kf1 Ke8 39.Ke1 Ke7 40.Kd2 Nh3 41.Nd1 Kd7 42.Ke3 Kc7 43.Rc6+ Kd7 44.Rb6
Kc7 45.Rc6+ Kd7 46.a4 Bb7 47.Rb6 Kc7 48.a5 Ng5 49.Bc2 Nf7 50.Ba4 Rb8 51.Kd3
Nd8 52.Ne3 Bc8 53.Rxb8 Kxb8 54.Be8 Nb7 55.Bh5 Nxa5 56.Kc3 Bd7 57.Bxg4 Ba4
58.Bxf3 Kc7 59.Bd1 Be8 60.f4 Nb7 61.f5 Nd8 62.g4 Nf7 63.h4 h6 64.Kb3 Kb6
65.Ka3 Ka5 66.Ng2 {#r} 1-0

[Event "TCh-FIN 2016-17"]
[Site "Finland FIN"]
[Date "2017.03.12"]
[Round "11.2"]
[White "Ristoja,S"]
[Black "Sammalvuo,T"]
[Result "0-1"]
[WhiteElo "2164"]
[BlackElo "2417"]

1.e4 e5 2.Nf3 Nc6 3.Bb5 a6 4.Ba4 Nf6 5.d3 d6 6.c4 g6 7.Nc3 Bg7 8.Nd5 Nd7 9.Bg5
f6 10.Be3 O-O 11.Qd2 Ne7 12.Nxe7+ Qxe7 13.Qa5 Nc5 14.Bxc5 dxc5 15.O-O-O f5
16.Qc3 Be6 17.h4 f4 18.a3 Bf6 19.Rdg1 Rad8 20.Bc2 Qd7 21.Ng5 Bg4 22.Bd1 Bxd1
23.Rxd1 Bxg5 24.hxg5 Qe7 25.f3 Qxg5 26.Qa5 b6 27.Qc3 Rd4 28.Qc2 Rfd8 29.Rh3
R8d7 30.Rh2 Qd8 31.Kb1 Rxd3 32.Rxd3 Rxd3 33.Qa4 Rd1+ 34.Ka2 Kg7 35.Qc6 Qd7
36.Qb7 a5 37.Rh3 Qf7 38.Qa6 Rc1 {#R} 0-1

[Event "TCh-FIN 2016-17"]
[Site "Finland FIN"]
[Date "2017.03.12"]
[Round "11.3"]
[White "Nyysti,S"]
[Black "Johansson,Ju"]
[Result "0-1"]
[WhiteElo "2363"]
[BlackElo "2138"]

1.e4 c5 2.Nf3 d6 3.d4 cxd4 4.Nxd4 Nf6 5.Nc3 a6 6.Be3 e5 7.Nb3 Be7 8.h3 O-O
9.Qf3 Be6 10.O-O-O Qc8 11.g4 a5 12.Bb5 Na6 13.Kb1 Nc7 14.a4 Nxb5 15.Nxb5 Qc6
16.Nc3 Rfc8 17.g5 Ne8 18.Qg2 b5 19.axb5 Qb7 20.Nd5 Bxd5 21.Rxd5 Nc7 22.Rhd1 a4
23.Na1 Nxb5 24.Rxb5 Qxb5 25.Rd5 Qc4 26.Bc1 a3 27.bxa3 Rab8+ 28.Bb2 Qc3 {#R}
0-1

[Event "TCh-FIN 2016-17"]
[Site "Finland FIN"]
[Date "2017.03.12"]
[Round "11.5"]
[White "Hokkanen,P"]
[Black "Tingander,Ari-Pekka"]
[Result "1-0"]
[WhiteElo "2251"]
[BlackElo "2007"]

1.e4 c5 2.Nf3 d6 3.d4 cxd4 4.Nxd4 Nf6 5.f3 Nc6 6.c4 g6 7.Be3 Bg7 8.Qd2 O-O
9.Nc3 Nxd4 10.Bxd4 Be6 11.Rc1 Qa5 12.Be2 Rac8 13.b3 a6 14.O-O Nd7 15.Bxg7 Kxg7
16.f4 Qc5+ 17.Kh1 Nf6 18.Bf3 Qc7 19.Nd5 Bxd5 20.exd5 e6 21.g4 Ne8 22.g5 exd5
23.Bg4 Rb8 24.cxd5 Qd8 25.f5 f6 26.fxg6 hxg6 27.Qc3 b5 28.Rce1 Rb7 29.Rxe8
Qxe8 30.gxf6+ Kh6 31.Qh3+ Kg5 32.Be6 {#r} 1-0

[Event "TCh-FIN 2016-17"]
[Site "Finland FIN"]
[Date "2017.03.12"]
[Round "11.6"]
[White "Miettinen,T"]
[Black "Kosmo,S"]
[Result "0-1"]
[WhiteElo "2008"]
[BlackElo "2181"]

1.e4 c5 2.Nf3 d6 3.d4 cxd4 4.Nxd4 Nf6 5.Nc3 g6 6.Be2 Bg7 7.Be3 Nc6 8.Nb3 O-O
9.O-O Be6 10.f4 Rc8 11.Kh1 a6 12.f5 Bd7 13.g4 Ne5 14.Bd4 Rxc3 15.bxc3 Nxe4
16.Bd3 Bc6 17.Bxe4 Bxe4+ 18.Kg1 gxf5 19.gxf5 Kh8 20.Rf4 Bc6 21.Qh5 Bf6 22.Kf2
Rg8 23.Nd2 Bg5 24.Rh4 Bxh4+ 25.Qxh4 Rg2+ 26.Ke3 f6 27.Rf1 Bb5 28.Rf4 Re2# 0-1

[Event "TCh-BEL 2016-17"]
[Site "Belgium BEL"]
[Date "2017.03.12"]
[Round "9.1"]
[White "Feygin,M"]
[Black "Vucinic,G"]
[Result "1-0"]
[WhiteElo "2468"]
[BlackElo "2413"]

1.e4 c5 2.Nf3 d6 3.d4 cxd4 4.Nxd4 Nf6 5.Nc3 a6 6.g3 e5 7.Nb3 Be7 8.Bg2 O-O
9.O-O Be6 10.Nd5 Bxd5 11.exd5 Nbd7 12.a4 a5 13.Nd2 Ne8 14.b3 f5 15.Nc4 Bf6
16.Bd2 e4 17.Rb1 Ne5 18.Qe2 Nxc4 19.bxc4 Qd7 20.Rb5 Rf7 21.Rfb1 Nc7 22.Rxb7
Qxa4 23.Bf4 Qa3 24.R1b6 Bd4 25.Rb3 Qa1+ 26.Rb1 Qa3 27.R1b3 Qa1+ 28.Rb1 Qa3
29.R7b3 Qa2 30.Bxd6 Na6 31.Qd1 a4 32.Ra3 Qxc4 33.Bf1 Qxd5 34.Rxa4 Qxd6 35.Rxd4
Qf6 36.Rd6 Qc3 37.Bxa6 e3 38.Bb7 exf2+ 39.Kxf2 Re8 40.Bd5 {#r} 1-0

[Event "TCh-BEL 2016-17"]
[Site "Belgium BEL"]
[Date "2017.03.12"]
[Round "9.4"]
[White "Beerdsen,Thomas"]
[Black "Coenen,M"]
[Result "1-0"]
[WhiteElo "2404"]
[BlackElo "2393"]

1.e4 c6 2.d4 d5 3.f3 dxe4 4.fxe4 e5 5.Nf3 exd4 6.Bc4 Be7 7.O-O Be6 8.Bxe6 fxe6
9.Nxd4 Qd6 10.Bf4 Qd7 11.Qh5+ g6 12.Qe5 Bf6 13.Qxe6+ Qxe6 14.Nxe6 Bxb2 15.Nc7+
Kd7 16.Rd1+ Kc8 17.Nxa8 Na6 18.Nd2 Bxa1 19.Nc4 {#r} 1-0

[Event "TCh-BEL 2016-17"]
[Site "Belgium BEL"]
[Date "2017.03.12"]
[Round "9.5"]
[White "Bruehl,A"]
[Black "De Rover,YH"]
[Result "1-0"]
[WhiteElo "2350"]
[BlackElo "2338"]

1.d4 Nf6 2.c4 c5 3.d5 b5 4.cxb5 a6 5.bxa6 g6 6.Nc3 Bxa6 7.e4 Bxf1 8.Kxf1 d6
9.Nf3 Nbd7 10.g3 Bg7 11.Kg2 O-O 12.a4 Ra6 13.Qc2 Qa8 14.Ra3 Rc8 15.b3 e6
16.dxe6 fxe6 17.Re1 d5 18.Kg1 Bf8 19.Ra2 c4 20.exd5 exd5 21.Bd2 cxb3 22.Qxb3
Nc5 23.Qb5 Rb8 24.Qe2 Nb3 25.Qd3 Rb4 26.Bg5 d4 27.Ne4 Nxe4 28.Qxe4 Qxe4
29.Rxe4 Raxa4 30.Rxa4 Rxa4 31.Kg2 Bg7 32.Re8+ Kf7 33.Rd8 Nc5 34.Nd2 h6 35.Rd5
Bf8 36.Bf4 g5 37.Bd6 Ke6 38.Rxc5 Bxd6 39.Rc8 Kd5 40.Rh8 Ra2 41.Nf1 Bc5 42.Rxh6
Ke5 43.Rg6 Kf5 44.Rc6 Ba7 45.g4+ Ke5 46.Rg6 d3 47.Rxg5+ Ke6 48.Rf5 d2 49.Nxd2
Rxd2 50.h4 Rd4 51.f3 Rd2+ 52.Kg3 Bb8+ 53.f4 Rd3+ 54.Kg2 Bd6 55.h5 Be7 56.h6
Rd5 57.Rxd5 Kxd5 58.g5 Bf8 59.f5 Ke5 60.h7 {#r} 1-0